Crime and punishment : (Record no. 104641)

MARC details
000 -LEADER
fixed length control field 00705nam a22001937a 4500
005 - DATE AND TIME OF LATEST TRANSACTION
control field 20161116150335.0
010 ## - LCCN (DPL NO)
LC control number ENG-116565
020 ## - INTERNATIONAL STANDARD BOOK NUMBER
International Standard Book Number 9789351434665
Terms of availability 395.00
035 ## - SYSTEM CONTROL NUMBER
System control number EN-100097
037 ## - SOURCE OF ACQUISITION
Source of stock number/acquisition DBAD/PUB
082 ## - DEWEY DECIMAL CLASSIFICATION NUMBER
Classification number 345.54
100 ## - MAIN ENTRY--PERSONAL NAME
Personal name Paranjape,N. V.
245 ## - TITLE STATEMENT
Title Crime and punishment :
Statement of responsibility, etc by N. V. Paranjape
Remainder of title Trends and reflections /
260 ## - PUBLICATION, DISTRIBUTION, ETC. (IMPRINT)
Place of publication, distribution, etc Gurgaon
Name of publisher, distributor, etc Lexis Nexis
Date of publication, distribution, etc 2016
270 ## - ADDRESS
Address 14th floor, Building no 10, tower-B, DLF Cyber City, Phase-II,
City Gurgaon (Haryana)
Postal code 122002
Telephone number 91 124 4774444
Fax number 91 124 4774100
Electronic mail address help.in@Lexisnexis.com
300 ## - PHYSICAL DESCRIPTION
Extent xxiv, 396p
Dimensions 24cm(Pbk)
500 ## - GENERAL NOTE
General note Includes bibliographical reference and index.
942 ## - ADDED ENTRY ELEMENTS (KOHA)
Source of classification or shelving scheme Dewey Decimal Classification
Item type English Books
Classification part 345.54
Call number suffix PAR
Holdings
Withdrawn status Lost status Not for loan Collection code Home library Current library Date acquired Source of acquisition Cost, normal purchase price Full call number Barcode Copy number Cost, replacement price Koha item type
    Not For Loan Non-fiction D.B.Act.Division Bawana 16/11/2016 DBAD/PUB. 395.00 345.54 PAR EN-100097 1 395.00 English Books

© Delhi Public Library
Hit Counter
free hit counter